College Quizbowl Stats
College Quizbowl Stats
Circuits
Seasons
Sets
Records
Detailed Stats
About
Loading...
2024 Penn Bowl UNC
Tossups
Bonuses
Players
Teams
Categories (Tossup)
Categories (Bonus)
Joseph Cole
North Carolina C
Categories
Category
Powers
Gets
Negs
BBs
Points
Earliest Buzz
Avg. Buzz
First Buzzes
Top 3 Buzzes
BPA
PVF
Fine Arts - Other
0
2
0
0
20
98
120.50
0
2
0.00
0.00
Pop Culture
0
1
0
0
10
110
110.00
1
1
0.00
0.00
Auditory Fine Arts (1900-1970)
0
0
0
0
0
0.00
0
0
0.00
0.00
Buzzes
Category
Answer
Value
Buzz Position
Fine Arts - Other
St. Petersburg
10
98
Pop Culture
blink-182
10
110
Auditory Fine Arts (1900-1970)
György Ligeti
0
124
Fine Arts - Other
James Dean
10
143
Previous
1
Next